Подробности
| 000 -МАРКЕР |
| контрольное поле |
02582nam0a2200373 4500 |
| 001 - ИДЕНТИФИКАТОР ЗАПИСИ |
| контрольное поле |
RU\NLR\bibl\1273082 |
| 005 - ИДЕНТИФИКАТОР ВЕРСИИ |
| контрольное поле |
20260407190615.0 |
| 021 ## - НОМЕР ГОСУДАРСТВЕННОЙ РЕГИСТРАЦИИ |
| Код страны |
Российская Федерация |
| Номер |
2008-55540 |
| Номер Листа государственной регистраци |
3082 |
| 035 ## - ДРУГИЕ СИСТЕМНЫЕ НОМЕРА |
| Идентификатор записи |
(NLR Aleph) 001258940 |
| 100 ## - ДАННЫЕ ОБЩЕЙ ОБРАБОТКИ |
| Данные общей обработки |
20131026d2007 |||y0rusy50 ca |
| 101 0# - ЯЗЫК РЕСУРСА |
| Язык текста, звукозаписи и т.д. |
русский |
| 102 ## - СТРАНА ПУБЛИКАЦИИ ИЛИ ПРОИЗВОДСТВА |
| Страна публикации |
Российская Федерация |
| 105 ## - ПОЛЕ КОДИРОВАННЫХ ДАННЫХ: ТЕКСТОВЫЕ МАТЕРИАЛЫ, МОНОГРАФИЧЕСКИЕ |
| Кодированные данные о монографическом текстовом документе |
a|||z|||||||| |
| 200 1# - ЗАГЛАВИЕ И СВЕДЕНИЯ ОБ ОТВЕТСТВЕННОСТИ |
| Основное заглавие |
Методика построения кривой безрисковой доходности "спот" и кредитных спрэдов для группы облигаций с неоднородным кредитным качеством эмитентов: стандарт EFFAS-EBC для стран Еврозоны |
| Первые сведения об ответственности |
[С.Н. Смирнов, А.В. Захаров, Р.В. Рачков и др.] |
| 210 ## - ПУБЛИКАЦИЯ, РАСПРОСТРАНЕНИЕ И ДР. |
| Место издания, распространения и т.д. |
Москва |
| Имя издателя, распространителя и т. д. |
ГУ ВШЭ |
| Дата издания, распространения и т.д. |
2007 |
| 215 ## - ФИЗИЧЕСКАЯ ХАРАКТЕРИСТИКА |
| Специфическое обозначение материала и объем |
39 с. |
| Другие сведения о физической характеристике |
ил. |
| Размеры |
20 |
| 225 1# - СЕРИЯ |
| Основное заглавие серии |
Препринт |
| Сведения об ответственности |
Гос. ун-т Высш. шк. экономики, Науч.-учеб. лаб. фин. инженерии и риск-менеджмента |
| Обозначение или номер части |
Серия WP16 |
| Наименование части |
Финансовая инженерия, риск-менеджмент и актуарная наука |
| Сведения об ответственности |
ред.: С.Н. Смирнов, А.Г. Шоломицкий |
| Обозначение тома |
WP16/2007/03 |
| 300 ## - ОБЩИЕ ПРИМЕЧАНИЯ |
| Текст примечания |
Авт. указаны в вып. дан. |
| 320 ## - ПРИМЕЧАНИЯ О НАЛИЧИИ В ДОКУМЕНТЕ БИБЛИОГРАФИИ / УКАЗАТЕЛЯ |
| Текст примечания |
Библиогр.: с. 38-39 (24 назв.) и в подстроч. примеч. |
| 606 1# - НАИМЕНОВАНИЕ ТЕМЫ КАК ПРЕДМЕТ |
| Наименование темы |
Риски финансовые |
| Тематический подзаголовок |
Управление |
| -- |
Математическое моделирование |
| Системный номер авторитетной/нормативной записи |
2340340 |
| Идентификатор авторитетной/нормативной записи |
RU\NLR\AUTH\661398958 |
| 606 1# - НАИМЕНОВАНИЕ ТЕМЫ КАК ПРЕДМЕТ |
| Наименование темы |
Государственные долги |
| Географический подзаголовок |
Европейские страны |
| Системный номер авторитетной/нормативной записи |
2152679 |
| Идентификатор авторитетной/нормативной записи |
RU\NLR\AUTH\661600978 |
| 686 1# - ИНДЕКСЫ ДРУГИХ КЛАССИФИКАЦИЙ |
| Индекс |
У26(4)-21в611 |
| 686 1# - ИНДЕКСЫ ДРУГИХ КЛАССИФИКАЦИЙ |
| Индекс |
У26(4)8 |
| 701 #1 - ИМЯ ЛИЦА - АЛЬТЕРНАТИВНАЯ ОТВЕТСТВЕННОСТЬ |
| Материалы, к которым относится поле |
rus |
| Графика поля |
Кириллица |
| Начальный элемент ввода |
Смирнов |
| Часть имени, кроме начального элемента ввода |
С. Н. |
| Дополнения к именам, кроме дат |
канд. физ.-мат. наук, упр. фин. рисками |
| Даты |
1955- |
| Расширение инициалов личного имени |
Сергей Николаевич |
| Идентификатор авторитетной/нормативной записи |
RU\NLR\AUTH\7728198 |
| Системный номер авторитетной/нормативной записи |
11229 |
| 701 #1 - ИМЯ ЛИЦА - АЛЬТЕРНАТИВНАЯ ОТВЕТСТВЕННОСТЬ |
| Материалы, к которым относится поле |
rus |
| Графика поля |
Кириллица |
| Начальный элемент ввода |
Захаров |
| Часть имени, кроме начального элемента ввода |
А. В. |
| Дополнения к именам, кроме дат |
канд. экон. наук, канд. физ.-мат. наук, политолог |
| Расширение инициалов личного имени |
Алексей Владимирович |
| Идентификатор авторитетной/нормативной записи |
RU\NLR\AUTH\7788833 |
| Системный номер авторитетной/нормативной записи |
71761 |
| 701 #1 - ИМЯ ЛИЦА - АЛЬТЕРНАТИВНАЯ ОТВЕТСТВЕННОСТЬ |
| Начальный элемент ввода |
Рачков |
| Часть имени, кроме начального элемента ввода |
Р.В. |
| 712 02 - НАИМЕНОВАНИЕ ОРГАНИЗАЦИИ - ВТОРИЧНАЯ ОТВЕТСТВЕННОСТЬ |
| Начальный элемент ввода |
Государственный университет - Высшая школа экономики |
| Идентифицирующий признак |
Москва |
| Структурное подразделение |
Научно-учебная лаборатория финансовой инженерии и риск-менеджмента |
| Идентификатор авторитетной/нормативной записи |
RU\NLR\AUTH\8810123418 |
| Системный номер авторитетной/нормативной записи |
744607 |
| 801 #0 - ИСТОЧНИК ЗАПИСИ |
| Страна |
Российская Федерация |
| Организация |
NLR |
| Дата составления |
20080915 |
| Правила каталогизации |
RCR |
| 801 #1 - ИСТОЧНИК ЗАПИСИ |
| Страна |
Российская Федерация |
| Организация |
NLR |
| Дата составления |
20080915 |
| 942 ## - ДОПОЛНИТЕЛЬНЫЕ ЭЛЕМЕНТЫ ЗАПИСИ (АБИС) |
| Тип экземпляра АБИС |
Книга |
| 980 ## - КОЛЛЕКЦИЯ |
| Название коллекции |
Национальная библиография |